Introduction To Artificial Intelligence (Record no. 490597)

000 -LEADER
fixed length control field 00284nam a22001217a 4500
020 ## - INTERNATIONAL STANDARD BOOK NUMBER
International Standard Book Number 9789350141243
082 ## - DEWEY DECIMAL CLASSIFICATION NUMBER
Classification number 006.3 GOS
100 ## - MAIN ENTRY--PERSONAL NAME
Personal name Gunjan Goswami
245 ## - TITLE STATEMENT
Title Introduction To Artificial Intelligence
260 ## - PUBLICATION, DISTRIBUTION, ETC.
Place of publication, distribution, etc. New Delhi
Name of publisher, distributor, etc. Kataria
Date of publication, distribution, etc. 2013
300 ## - PHYSICAL DESCRIPTION
Extent 380p.
942 ## - ADDED ENTRY ELEMENTS (KOHA)
Koha item type Book
Holdings
Withdrawn status Lost status Damaged status Not for loan Collection code Permanent Location Current Location Shelving location Date acquired Source of acquisition Cost, normal purchase price Total Checkouts Total Renewals Full call number Barcode Date last seen Date last checked out Price effective from Koha item type
          Central Library (CL) Central Library (CL) First Floor - Artificial Intelligence/Data Mining 01/03/2017 Allied Book Company 368.48 2 2 006.3 GOS SEECS013608 10/26/2024 06/01/2024 01/03/2017 Book
© 2023 Central Library, National University of Sciences and Technology. All Rights Reserved.